| 000 -LEADER |
| fixed length control field |
01507cam a2200325 a 4500 |
| 001 - CONTROL NUMBER |
| control field |
13745243 |
| 003 - CONTROL NUMBER IDENTIFIER |
| control field |
NUST - PNEC |
| 005 - DATE AND TIME OF LATEST TRANSACTION |
| control field |
20170116180953.0 |
| 008 - FIXED-LENGTH DATA ELEMENTS--GENERAL INFORMATION |
| fixed length control field |
041008s2006 maua 000 0 eng |
| 010 ## - LIBRARY OF CONGRESS CONTROL NUMBER |
| LC control number |
2004060975 |
| 020 ## - INTERNATIONAL STANDARD BOOK NUMBER |
| International Standard Book Number |
0072524952 (acidfree paper) |
| 020 ## - INTERNATIONAL STANDARD BOOK NUMBER |
| International Standard Book Number |
007059998X |
| 040 ## - CATALOGING SOURCE |
| Original cataloging agency |
DLC |
| Transcribing agency |
LIBRARY |
| Modifying agency |
DLC |
| 050 00 - LIBRARY OF CONGRESS CALL NUMBER |
| Classification number |
QC670 |
| Item number |
.H39 2006 |
| 082 00 - DEWEY DECIMAL CLASSIFICATION NUMBER |
| Classification number |
530.141 HAY |
| 100 1# - MAIN ENTRY--PERSONAL NAME |
| Personal name |
Hayt, William Hart, |
| Dates associated with a name |
1920- |
| 245 10 - TITLE STATEMENT |
| Title |
Engineering electromagnetics / |
| Statement of responsibility, etc. |
William H. Hayt, Jr., John A. Buck. |
| 250 ## - EDITION STATEMENT |
| Edition statement |
7th ed. |
| 260 ## - PUBLICATION, DISTRIBUTION, ETC. |
| Place of publication, distribution, etc. |
Boston : |
| Name of publisher, distributor, etc. |
McGraw-Hill Higher Education, |
| Date of publication, distribution, etc. |
c2006. |
| 300 ## - PHYSICAL DESCRIPTION |
| Extent |
xix, 582 p. : |
| Other physical details |
ill. ; |
| Dimensions |
24 cm. |
| 440 #0 - SERIES STATEMENT/ADDED ENTRY--TITLE |
| Title |
McGraw-Hill series in electrical engineering |
| 538 ## - SYSTEM DETAILS NOTE |
| System details note |
System requirements for accompanying CD-ROM: Windows, Pentium II, 64MB, Windows 98, Microsoft Internet Explorer 5.x or Netscape e4.7; Macintosh, Power Macintosh G3, 64MB, OS 9.x, Microsoft Internet Explorer 5.1 or Netscape 4.8.; browser plug-ins: Macromedia Flash player, Macromedia Shockwave player. |
| 650 #0 - SUBJECT ADDED ENTRY--TOPICAL TERM |
| Topical term or geographic name entry element |
Electromagnetic theory. |
| General subdivision |
ME |
| 700 1# - ADDED ENTRY--PERSONAL NAME |
| Personal name |
Buck, John A. |
| 856 42 - ELECTRONIC LOCATION AND ACCESS |
| Materials specified |
Publisher description |
| Uniform Resource Identifier |
<a href="http://www.loc.gov/catdir/enhancements/fy0618/2004060975-d.html">http://www.loc.gov/catdir/enhancements/fy0618/2004060975-d.html</a> |
| 856 41 - ELECTRONIC LOCATION AND ACCESS |
| Materials specified |
Table of contents only |
| Uniform Resource Identifier |
<a href="http://www.loc.gov/catdir/enhancements/fy0618/2004060975-t.html">http://www.loc.gov/catdir/enhancements/fy0618/2004060975-t.html</a> |
| 906 ## - LOCAL DATA ELEMENT F, LDF (RLIN) |
| a |
7 |
| b |
cbc |
| c |
orignew |
| d |
1 |
| e |
ocip |
| f |
20 |
| g |
y-gencatlg |
| 942 ## - ADDED ENTRY ELEMENTS (KOHA) |
| Source of classification or shelving scheme |
|
| Koha item type |
Book |